La extincin̤ del contrato por enfermedad/discapacidad del trabajador

Detalles Bibliográficos
Autor principal: Martn̕ez-Gijn̤ Machuca, Miguel ℓngel
Formato: eBook
Lenguaje:español
Publicado: Albacete: Editorial Bomarzo, 2017
Materias:
Acceso en línea:Acceso restringido

MARC

LEADER 00000nam a22000007a 4500
005 20190402213219.0
007 cr|||| ||||
008 190402s2017 es |||||s|||| 00||0 spa d
020 |a 978-84-17310-02-8 
035 |a 23163 
040 |a vLex 
090 |c 8533  |d 8533 
100 1 |a Martn̕ez-Gijn̤ Machuca, Miguel ℓngel 
245 1 2 |a La extincin̤ del contrato por enfermedad/discapacidad del trabajador  |h [Recurso electrn̤ico] /  |c Miguel ℓngel Martn̕ez-Gijn̤ Machuca 
256 |a Servicio en ln̕ea 
260 |a Albacete:  |b Editorial Bomarzo,  |c 2017 
300 |a 1 recurso electrn̤ico 
506 1 |a Disponible solo en los productos indicados  |d vLex Global  |d vLex Global (Academic Edition, excluding Law Schools)  |d vLex Global (U.S. Academic Edition, Law Schools)  |d vLex Global (U.S. Academic Edition, excluding Law Schools)  |d vLex Global (Academic Edition, Law Schools) 
650 0 4 |a Derecho Laboral y Seguridad Social  |z Espaą 
740 0 |a vLex Libros (Servicio en ln̕ea) 
856 4 0 |u http://vlex.com/source/extincion-del-contrato-por-enfermedad-discapacidad-del-trabajador-23163  |z Acceso restringido 
942 |c BOOK 
999 0 |a Labor law and social security